000 00565nam a2200229Ia 4500
003 OSt
005 20221005132859.0
006 a|||||r|||| 00| 0
007 ta
008 221004b |||||||| |||| 00| 0 tam d
024 _a52318
037 _cTextual
040 _aCRL
_cCRL
_btam
041 _2tam
_atam
082 _aU8.98.N6, 31K2
100 _aKrittina Murthy
_9641791
245 0 _aVanveliaraichchi
260 _c1962
650 _aGEOGRAPHY
942 _hU8.98.N6, 31K2
_cTEXL
_2cc
999 _c1065106
_d1065106